Societies, choices and environments: issues & enquiries (Record no. 596128)

MARC details
000 -LEADER
fixed length control field 00468nam a2200145Ia 4500
008 - FIXED-LENGTH DATA ELEMENTS--GENERAL INFORMATION
fixed length control field 100415s9999 xx 000 0 und d
082 ## - DEWEY DECIMAL CLASSIFICATION NUMBER
Item number 13212
Classification number 363.7
100 ## - MAIN ENTRY--PERSONAL NAME
Personal name Slater Francis
245 ## - TITLE STATEMENT
Title Societies, choices and environments: issues & enquiries
260 ## - PUBLICATION, DISTRIBUTION, ETC. (IMPRINT)
Date of publication, distribution, etc 1991
Name of publisher, distributor, etc COLLINS EDUCATIONAL
365 ## - TRADE PRICE
Price amount 0
630 ## - SUBJECT ADDED ENTRY--UNIFORM TITLE
Uniform title Societies, choices and environments: issues & enquiries
730 ## - ADDED ENTRY--UNIFORM TITLE
Uniform title Societies, choices and environments: issues & enquiries
942 ## - ADDED ENTRY ELEMENTS (KOHA)
Koha item type Book
Holdings
Withdrawn status Lost status Damaged status Not for loan Home library Current library Date acquired Cost, normal purchase price Total Checkouts Full call number Barcode Date last seen Price effective from Koha item type
        Bombay Natural History Society Bombay Natural History Society 09/02/1994 0.00   363.7 13212 BNHS-13212 04/15/2010 04/15/2010 Book